| 000 | 00746nam a2200229 a 4500 | ||
|---|---|---|---|
| 001 | 77650 | ||
| 003 | BD-RjUL | ||
| 005 | 20211209083015.0 | ||
| 008 | 201217r19611954enka|||| |||| 00| 0 eng d | ||
| 035 | _a(BD-RjUL)77876 | ||
| 040 |
_aBD-RjUL _beng _cBD-RjUL |
||
| 041 | _aeng | ||
| 082 |
_223 _a822.33 _bSHR 1961 |
||
| 100 |
_aShakespeare, William, _d1564-1616. _9242669 |
||
| 245 | 1 | 0 |
_aRichard III / _cWilliam Shakespeare ; edited by John Dover Wilson. |
| 260 |
_aCambridge : _bCambridge University Press, _c1961. |
||
| 300 |
_alxiii, 280 pages; _c18 cm. |
||
| 650 |
_aRichard III, King of England, 1452-1485 _9242670 |
||
| 650 |
_aKing Richard III (Shakespeare, William) _9242671 |
||
| 700 |
_aWilson, John Dover. _9242673 |
||
| 942 |
_2ddc _cBK |
||
| 999 |
_c77650 _d77650 |
||